| Tag |
First Indicator |
Second Indicator |
Subfields |
| LEADER |
00000cam a22000008a 4500 |
| 001 |
in00000007856 |
| 005 |
20151002070041.0 |
| 008 |
870319s1987 txu b 00110 eng |
| 010 |
|
|
|a 87005983
|
| 020 |
|
|
|a 0292790236
|
| 035 |
|
|
|a (OCoLC)15488956
|
| 035 |
|
|
|9 AAA0187AM
|
| 040 |
|
|
|a DLC
|c DLC
|d m/c
|d TXA
|d UtOrBLW
|
| 043 |
|
|
|a n-us---
|
| 050 |
0 |
0 |
|a NA737.M69
|b S78 1987
|
| 082 |
0 |
|
|a 720/.92/4
|2 19
|
| 100 |
1 |
|
|a Spreiregen, Paul D.
|
| 245 |
1 |
4 |
|a The architecture of William Morgan /
|c by Paul D. Spreiregen ; foreword by Eduard F. Sekler.
|
| 250 |
|
|
|a 1st ed.
|
| 263 |
|
|
|a 8712
|
| 264 |
|
1 |
|a Austin, Tex. :
|b University of Texas Press,
|c 1987.
|
| 300 |
|
|
|a 262 pages :
|b illustrations (some color)
|
| 336 |
|
|
|a text
|b txt
|2 rdacontent
|
| 337 |
|
|
|a unmediated
|b n
|2 rdamedia
|
| 338 |
|
|
|a volume
|b nc
|2 rdacarrier
|
| 504 |
|
|
|a Bibliography: pages 253-257.
|
| 500 |
|
|
|a Includes index.
|
| 600 |
1 |
0 |
|a Morgan, William N.
|
| 650 |
|
0 |
|a Architecture
|z United States.
|
| 650 |
|
0 |
|a Architecture
|z United States
|x History
|y 20th century.
|
| 999 |
|
|
|a MARS
|
| 999 |
f |
f |
|s f2d93efd-5a86-3d37-bc28-ea504ddb8b8e
|i 629b8f7d-8945-3c87-915c-fac2d23986df
|t 0
|
| 952 |
f |
f |
|p ric
|a Texas A&M University
|b Rellis Campus
|c Joint Library Facility
|d Remote Storage
|t 0
|e NA737.M69 S78 1987
|h Library of Congress classification
|i unmediated -- volume
|m A14810951747
|
| 998 |
f |
f |
|a NA737.M69 S78 1987
|t 0
|l Remote Storage
|